000 00926nam a2200181Ia 4500
008 100921s9999 xx 000 0 und d
082 _b19692
_a618.92 थ 85
100 _aरामाणी पी.एस.संपा,आचार्य नयना.
245 _aबालकांच्या मेंदुचा क्षयरोग आणि जलशीर्ष.
260 _bनयना प्रकाशन,ठाणे.
_c1985
300 _a143
_b---
365 _b32
520 _aतंत्रविज्ञान-बालचिकित्सा.
630 _aबालकांच्या मेंदुचा क्षयरोग आणि जलशीर्ष.
650 _aतंत्रविज्ञान-बालचिकित्सा.
730 _aबालकांच्या मेंदुचा क्षयरोग आणि जलशीर्ष.
942 _cBOOK
999 _c768805
_d768802